000 01368nam a2200337 a 4500
001 000115597
003 CHAP
005 20220329144541.0
008 190612s2015 mx a sm |||||||spa d
010 _a112058
011 _a113030
040 _cCHAP
090 _aTesis
100 1 _aRodríguez Flores, Lizeth Nayeli.
_9136034
245 1 3 _aLa salud reproductiva y el desarrollo rural:
_h[En línea]
_bhacia un modelo de salud incluyente. Estudio de caso sobre la capacidad de agencia de las parteras comunitarias de Atoyac de Alvarez, Guerrero /
_cpor Lizeth Nayeli Rodríguez Flores.
260 _aChapingo, Méx. :
_bEl autor,
_c2015.
500 _aPara ver el contenido del material haga clic en la liga
502 _aTesis (M.C. en Desarrollo Rural Regional) -- UACH. Dirección de Centros Regionales Universitarios
590 _aBATCH-UPD
_b05
_c20190612
_lUCH01
_h1121
590 _aE11695DGD
_b10
_c20190616
_lUCH01
_h1114
590 _aE8697GMM
_b05
_c20190612
_lUCH01
_h1120
590 _aE8697GMM
_b05
_c20190612
_lUCH01
_h1124
650 1 4 _aComadronas.
_9136036
650 1 4 _aMujer en comunidades rurales
_xGuerrero.
_979372
650 1 4 _aMujeres como médicos.
_9136037
650 1 4 _aMujeres
_xSalud e higiene.
_9136035
856 _aFinding aid
_uhttp://10.13.5.2/tesis/sist115597.pdf
_zTeclea aquí
901 _aBK
942 _cTESIS
942 _n0
999 _c112058
_d112058